Science Quiz

Random Science or Animal Quiz

Creatures Large and Small Quiz Stats

 Plays Quiz not verified by Sporcle

Also try: Science Race
Challenge
Share
Tweet
Embed
Score 0/20 Timer 10:00
0 Plays Today
Smallest, Largest Group % Correct
Fennec, Grey WolfCanines
83.9%
Vaquita, BlueWhales
82.8%
Thread, AnacondaSnakes
81.7%
Black-footed, Siberian TigerFelines
77.4%
Buff-faced Pygmy, Hyacinth MacawParrots
75.3%
Sun, BrownBears
74.2%
Pygmy Marmoset, Southern MuriquiNew World Monkeys
74.2%
Dwarf Lantern, WhaleSharks
72%
Little Blue, EmperorPenguins
72%
Patu digua, Giant HuntsmanSpiders
72%
Smallest, Largest Group % Correct
Kitti's Hog-nosed, Giant Golden-crowned Flying-foxBats
65.6%
Baikal, Southern ElephantSeals
65.6%
Pudu, MooseDeer
62.4%
Baluchistan Pygmy Jerboa, CapyberaRodents
61.3%
Cotton pygmy, CanadaGeese
60.2%
Speckled Padlope, Asian softshellTurtles and Tortoises
55.9%
Least Weasel, Giant OtterWeasels
47.3%
Pea, Japanese SpiderCrabs
46.2%
Elf, Eurasian EagleOwls
41.9%
Brazillian Gold, GoliathFrogs
39.8%

You're not logged in!

Compare scores with friends on all Sporcle quizzes.
OR
Log In

You Might Also Like...

Show Comments

Extras

Top Quizzes Today


Score Distribution

Your Account Isn't Verified!

In order to create a playlist on Sporcle, you need to verify the email address you used during registration. Go to your Sporcle Settings to finish the process.

Report this User

Report this user for behavior that violates our Community Guidelines.

Details: